| 000 | 00585pam a2200205 a 4500 | ||
|---|---|---|---|
| 001 | 597800 | ||
| 005 | 20241130124306.0 | ||
| 008 | 910501s1992 nyua 001 0 eng | ||
| 020 |
_a9780070099340 _c$59.95 |
||
| 050 | 0 | 0 |
_aQD251.2 _b.C364 1992 |
| 082 | 0 | 0 |
_a547 _220 |
| 100 | 1 |
_aCarey, Francis A., _d1937- |
|
| 245 | 1 | 0 |
_aOrganic chemistry / _cFrancis A. Carey. |
| 250 | _a2nd ed. | ||
| 260 |
_aNew York : _bMcGraw-Hill, _cc1992. |
||
| 300 |
_axxx, 1274 p. : _bill. (some col.) ; _c26 cm. |
||
| 500 | _aIncludes index. | ||
| 650 | 0 | _aChemistry, Organic. | |
| 942 |
_2lcc _cBK _e2nd ed. _n0 |
||
| 999 |
_c1847 _d1847 |
||